| 000 | 00553nam a2200181Ia 4500 | ||
|---|---|---|---|
| 003 | GCL | ||
| 008 | 140319s9999 xx 000 0 ara d | ||
| 040 |
_aGCL / _cGCL |
||
| 082 | 0 | 4 |
_a339.43 _bك ب |
| 100 | 1 | _aكمال احمد عسكر | |
| 245 | 1 | 0 |
_aبيئة الاستثمارالصناعى فى الكويت , ط 2 / _cكمال احمد عسكر |
| 260 |
_a[S.N] : _bمؤسسة الكويت للتقدم العلمى ، _c1984 |
||
| 300 | _a363 ص | ||
| 490 | _a | ||
| 650 | 0 | 4 | _aالكويت |
| 650 | 0 | 4 | _aالاستثمار |
| 942 |
_2ddc _cBK |
||
| 999 |
_c33087 _d33087 |
||